[Event "Montevideo Duchamp Cup 5th"]
[Site "Montevideo"]
[Date "2022.02.19"]
[Round "9"]
[White "Lavandeira, Juan Bautista"]
[Black "Avedisian, Alexander"]
[Result "1/2-1/2"]
[WhiteElo "1516"]
[BlackElo "1875"]
[PlyCount "68"]
[EventDate "2022.02.12"]
[EventType "swiss"]
[EventRounds "9"]
[EventCountry "URU"]
[SourceTitle "CBM 206 Extra"]
[Source "ChessBase"]
[SourceDate "2022.03.31"]
[SourceVersion "1"]
[SourceVersionDate "2022.03.31"]
[SourceQuality "1"]

1. d4 Nf6 2. g3 g6 3. Bg2 Bg7 4. e4 d6 5. Ne2 0-0 6. 0-0 Nc6 7. h3 Re8 8. Be3 e5 9. Nbc3 exd4 10. Nxd4 Nh5 11. Kh2 Ne5 12. Qe2 c5 13. Nb3 Be6 14. Rad1 Bc4 15. Qe1 Bxf1 16. Qxf1 c4 17. Nd2 b5 18. Nxb5 Qb8 19. a4 a6 20. Na3 Qxb2 21. Ndxc4 Nxc4 22. Nxc4 Qxc2 23. Nxd6 Red8 24. Bb6 Rd7 25. a5 Be5 26. Rc1 Qb3 27. Nc4 Nxg3 28. fxg3 Qxg3+ 29. Kg1 Qh2+ 30. Kf2 Qg3+ 31. Kg1 Qh2+ 32. Kf2 Qg3+ 33. Ke2 Qd3+ 34. Kf2 Qg3+ 1/2-1/2

[Event "San Luis Betania op 3rd"]
[Site "San Luis"]
[Date "2019.02.01"]
[Round "2"]
[White "Trucco, Fabio"]
[Black "Lavandeira, Juan Bautista"]
[Result "1-0"]
[WhiteElo "2169"]
[BlackElo "1448"]
[PlyCount "120"]
[EventDate "2019.02.01"]
[EventType "swiss"]
[EventRounds "6"]
[EventCountry "ARG"]
[SourceTitle "EXT 2020"]
[Source "ChessBase"]
[SourceDate "2019.10.17"]
[SourceVersion "1"]
[SourceVersionDate "2019.10.17"]
[SourceQuality "1"]

1. b3 Nf6 2. Bb2 g6 3. e3 Bg7 4. Nf3 d6 5. d4 0-0 6. Be2 Nbd7 7. Nbd2 c5 8. 0-0 a6 9. c4 Rb8 10. a4 Qc7 11. Qc2 b6 12. Rad1 Bb7 13. Rfe1 Rbe8 14. d5 e5 15. dxe6 fxe6 16. Nf1 Nb8 17. Ng3 Nc6 18. h4 Ne7 19. e4 e5 20. Qd3 Rd8 21. h5 gxh5 22. Ng5 Qc8 23. Nxh5 Ng6 24. Qh3 Qxh3 25. gxh3 Rfe8 26. Nxf6+ Bxf6 27. Bc1 Nf4 28. Bxf4 exf4 29. h4 h6 30. Nh3 Bxh4 31. Bf3 Bg5 32. Bg2 Re5 33. f3 Bh4 34. Re2 Bg3 35. Red2 Re6 36. Nf2 Bxf2+ 37. Kxf2 Kf7 38. Bh3 Rg6 39. e5 Ke7 40. Bf5 Rg5 41. exd6+ Kf6 42. Bh3 Bxf3 43. Re1 Bg4 44. Bxg4 Rxg4 45. Kf3 Rg3+ 46. Kxf4 Rxb3 47. Ke4 Ke6 48. d7 Rb4 49. Kf4+ Kf7 50. Re4 Rxa4 51. Ke5 b5 52. Kd6 bxc4 53. Rf4+ Kg6 54. Rg2+ Kh5 55. Ke7 Ra8 56. d8Q Rxd8 57. Kxd8 Rb4 58. Rf5+ Kh4 59. Rxc5 h5 60. Rgg5 Rb5 1-0

[Event "ARG-ch sf U2000"]
[Site "Villa Carlos Paz"]
[Date "2018.07.01"]
[Round "3.2"]
[White "Lavandeira, Juan Bautista"]
[Black "Tornquist, Carlos"]
[Result "0-1"]
[WhiteElo "1391"]
[BlackElo "1791"]
[PlyCount "100"]
[EventDate "2018.06.30"]
[EventType "swiss"]
[EventRounds "5"]
[EventCountry "ARG"]
[SourceTitle "EXT 2024"]
[Source "ChessBase"]
[SourceDate "2023.10.10"]
[SourceVersion "1"]
[SourceVersionDate "2023.10.10"]
[SourceQuality "1"]

1. d4 Nf6 2. c4 g6 3. Nc3 Bg7 4. e4 d6 5. h3 0-0 6. Nf3 Na6 7. Be3 e5 8. d5 b6 9. Be2 Nc5 10. Nd2 a5 11. g4 Bd7 12. h4 Qc8 13. Rg1 c6 14. h5 cxd5 15. cxd5 Qb7 16. a4 Ne8 17. Nb3 Nc7 18. Nxc5 bxc5 19. Qc2 Rfb8 20. Rb1 Qb3 21. Kd2 Rb4 22. Bd1 Qxc2+ 23. Bxc2 Rab8 24. Kc1 Na6 25. Na2 R4b7 26. b3 c4 27. bxc4 Rxb1+ 28. Bxb1 Bxa4 29. Bd2 Nb4 30. Nxb4 axb4 31. Kb2 Bf6 32. f4 exf4+ 33. Kc1 g5 34. Rf1 Bb3 35. Bd3 Ra8 36. Bxb4 Be5 37. Rf3 Ra4 38. Be1 Bd4 39. Bf2 Bxf2 40. Rxf2 Bxc4 41. Bc2 Ra1+ 42. Kb2 Rg1 43. Kc3 Bf1 44. Bd1 Bh3 45. Be2 Bxg4 46. e5 Bd7 47. Kd4 h6 48. exd6 Kg7 49. Ke5 Ra1 50. Bd3 Ra4 0-1

[Event "Wch U12"]
[Site "Pocos de Caldas"]
[Date "2017.08.27"]
[Round "6"]
[White "Lavandeira, Juan Bautista"]
[Black "Funayama S A, Yuri"]
[Result "1/2-1/2"]
[WhiteElo "1335"]
[BlackElo "1393"]
[PlyCount "74"]
[EventDate "2017.08.22"]
[EventType "swiss"]
[EventRounds "11"]
[EventCountry "BRA"]
[SourceTitle "CBM 180 Extra"]
[Source "ChessBase"]
[SourceDate "2017.10.06"]
[SourceVersion "1"]
[SourceVersionDate "2017.10.06"]
[SourceQuality "1"]

1. d4 e6 2. c4 d5 3. Nf3 Nf6 4. g3 c6 5. Qc2 Nbd7 6. Bg2 Be7 7. 0-0 0-0 8. Ne5 Bd6 9. Bf4 Qc7 10. Nxd7 Qxd7 11. Bxd6 Qxd6 12. c5 Qc7 13. Nd2 Bd7 14. e4 Rfb8 15. e5 Ne8 16. Nf3 h6 17. Rab1 a5 18. a3 a4 19. h4 h5 20. Ng5 g6 21. f3 b6 22. g4 hxg4 23. fxg4 Qd8 24. Nxf7 Qxh4 25. Qxg6+ Kf8 26. Nd6+ Ke7 27. Rf7+ Kd8 28. Rh7 Qg3 29. Qg5+ Kc7 30. Qe7 Qe3+ 31. Kh1 Rd8 32. Nxe8+ Kb7 33. Qd6 Ka6 34. Nc7+ Ka7 35. Nxa8 Kxa8 36. Rxd7 Qh6+ 37. Kg1 Qe3+ 1/2-1/2